• 首页
  • 本馆介绍
  • 公告通知
  • 最新文献
  • 馆藏检索
  • 电子资源
  • 读者导购
  • 参考咨询
  • 我的图书馆
  • 登录
  • 详细信息显示
  • 放入我的书架
  • 预约/预借图书
  • 作者相关作品
  • 分类相关作品
  • 丛书相关作品
  • 出版社相关作品

书目信息

  • 表格格式
  • 工作单格式
  • 卡片格式
题名:
发育生物学
    
 
作者: 徐信 编
分册:  
出版信息: 上海   华东师范大学出版社  1986.01
页数: 119页
开本: 26cm
丛书名:
单 册:
中图分类: Q132
科图分类:
主题词: 生物学:形态学
电子资源:
ISBN: 7-5617-0156-X
000 00491nam0 2200181 45
001 0409061744
005 20051027092205.50
010    @a7-5617-0156-X@dCNY2.10
100    @a20040906d1986 km y0chiy0120 ea
101 0  @achi
200 1  @a发育生物学@AFa Yu Sheng Wu Xue@f徐信编@FXu Xin Bian
210    @a上海@c华东师范大学出版社@d1986.01
215    @a119页@d26cm
606 0  @a生物学:形态学
690    @aQ132@v3
701  0 @a徐信@4编
801    @aCN@bPftUser@c20051027
905    @f1@b247532@dQ132@e36
    
    发育生物学/徐信编.-上海:华东师范大学出版社,1986.01
    119页;26cm
    
    
    ISBN 7-5617-0156-X:CNY2.10
    
●
相关链接 在E读中查询图书 在五车中查询图书 在当当中查询图书 在豆瓣中查询图书


正题名:发育生物学     索取号:Q132/36         预约/预借

序号 登录号 条形码 馆藏地/架位号 状态 备注
1 0247531   202132593   第三借阅区/ [索取号:Q132/36] 在馆    
2 0247532   001947166   第三借阅区/ [索取号:Q132/36] 在馆    
3 0247533   000077552   第三借阅区/ [索取号:Q132/36] 在馆    
4 0247534   001471115   第三借阅区/ [索取号:Q132/36] 在馆    
5 0247535   000077561   第二样本阅览室/ [索取号:Q132/36] 在馆    
唐山师范学院图书馆 欢迎您!
大连网信软件有限公司© 版权所有